Estadísticas para Ríos famosos en diferentes idiomas europeos

Haz click aquí para tomar la prueba!

Estadísticas generales

  • Esta prueba ha sido tomada 52 veces
  • La puntuación promedio es 21 de 56

Estadísticas de respuestas

HintRespuesta% Correcto
NilofrancésNil
100%
NilopolacoNil
100%
NiloalemánNil
100%
NiloinglésNile
88%
TíberfinlandésTiber
78%
TíberalemánTiber
78%
alemánTiber
78%
TíberinglésTiber
78%
VistulainglésVistula
78%
NiloItalianoNilo
72%
DanubioItalianoDanubio
70%
TámesisfinlandésThames
66%
TámesisinglésThames
66%
MoldavaItalianoMoldava
64%
DanubioinglésDanube
62%
DanubiofrancésDanube
62%
MoscovaItalianoMoscòva
60%
RinfrancésRhin
60%
VistulafrancésVistule
54%
SenafinlandésSeine
50%
SenafrancésSeine
50%
SenainglésSeine
50%
SenaalemánSeine
50%
SenaItalianoSenna
42%
RininglésRhine
40%
RinalemánRhein
28%
MoldavaalemánMoldau
22%
DanubioalemánDonau
20%
RinpolacoRen
20%
RinfinlandésRein
18%
ItalianoTevere
16%
TíberItalianoTevere
16%
VistulaalemánWeichsel
16%
TámesissfrancésTamise
14%
TíberberfrancésTibre
14%
VistulapolacoWisła
14%
MoscovafinlandésMoskova
12%
MoscovafrancésMoskova
12%
MoscovainglésMoskva
12%
MoscovaalemánMoskwa
12%
MoscovapolacoMoskwa
12%
TámesisalemánThemse
12%
NilofinlandésNiili
8%
RinItalianoReno
8%
TíberpolacoTyber
8%
VistulafinlandésVeiksel
8%
VistulaItalianoVistola
8%
MoldavafrancésVltava
8%
MoldavainglésVltava
8%
MoldavafinlandésVltava
8%
MoldavapolacoWełtawa
8%
DanubiopolacoDunaj
6%
TámesisItalianoTamigi
6%
DanubiofinlandésTonava
6%
SenapolacoSekwana
4%
TámesispolacoTamiza
4%

Distribución de puntuación

Porcentaje por número respondido

Porcentaje de gente con cada puntuación

Historial de tus puntuaciones

No has tomado esta prueba